000 00467nam a22001697a 4500
003 NUST - PNEC
005 20170116181056.0
008 151001b xxu||||| |||| 00| 0 eng d
020 _a0333522710
040 _cLIBRARY
082 _a355.8251190954 MOS
100 _912074
_a Moshaver, Ziba
245 _aNuclear weapons proliferation in the Indian subcontinent
_cZiba,Moshaver
260 _cc 1991
650 _912075
_aMilitary policy
_xGeneral
942 _2ddc
_cBK
999 _c68559
_d68559